000 004530000a22001810004500
003 MACL
005 20150716131428.0
008 150716b xxu||||| |||| 00| 0 eng d
040 _aMACL
_cMACL
041 _aEnglish
082 _a325/MOS
100 _aMoses, Jonathon
_92305
245 _aInternational Migration
_bGloblization's Last Frontier
260 _bZed Books
_c2006
350 _a475
650 _aSocial Science
_92306
942 _cBK
_k325
_2ddc
999 _c1613
_d1613